Microbiology : The Laboratory Experience /

Contenido: 1) Los fundamentos; 2) Microbios de tinción; 3) Efectos del medio ambiente en el crecimiento microbiano; 4) Identificación de bacterias médicamente significativas; 5) Microbiología aplicada a los alimentos y al agua; 6) Ecología microbiana; 7) Virus.

Guardado en:
Bibliografiske detaljer
Hovedforfatter: Keating, Steve (autor)
Format: Bog
Sprog:engelsk
Udgivet: Nueva York, EUA : Norton, 2016, c2016
Fag:
Tags: Tilføj Tag
Ingen Tags, Vær først til at tagge denne postø!

MARC

LEADER 00000nam^a2200000^a^4500
001 000401687
005 20250521000000.0
009 20260310121652.282
020 |a 978-0-393-92364-3 
037 |a Acervo ITESO - Biblioteca 
041 |a ING 
082 |a 576. 078  |b KEA 
100 |a Keating, Steve  |e (autor) 
245 1 0 |a Microbiology :  |b The Laboratory Experience /  |c S. Keating. 
264 4 |a Nueva York, EUA :  |b Norton,  |c 2016, c2016 
300 |a XI, 571, [30] p. 
336 |a texto  |b txt  |2 rdacontenido 
337 |a sin mediación  |b n  |2 rdamedio 
338 |a volumen  |b nc  |2 rdasoporte 
520 |a Contenido: 1) Los fundamentos; 2) Microbios de tinción; 3) Efectos del medio ambiente en el crecimiento microbiano; 4) Identificación de bacterias médicamente significativas; 5) Microbiología aplicada a los alimentos y al agua; 6) Ecología microbiana; 7) Virus. 
521 |a 2018 BO Licenciatura en Ingeniería en Nanotecnología 
649 |a XX 
650 |a Microbiología -  |x Laboratorios -  |x Tema Principal 
650 |a Microbiología -  |x Tema Principal 
650 |a Biología 
910 |a Fondo General 
920 |a Impresos - Libros 
930 |a Colección General 
905 |a 101 
901 |a 0500297216  |b IT1  |c ACC  |i c158891  |u 20250521 
901 |a 0500297213  |b IT1  |c ACC  |i c158892  |u 20250521 
902 |a https://opac.biblio.iteso.mx/vufind/Record/000401687